000 00307nam a2200121Ia 4500
008 190216s9999||||xx |||||||||||||| ||und||
100 _aSivaprsad Venniyoor
245 0 _aEonomics-Planning And Economic Policy
260 _bVenniyoor Pub.Ltd
_c1990
300 _a203 pages
650 _aEconomics
942 _cBK
999 _c9843
_d9843